Statistics for Players Inducted into The Hockey Hall of Fame (1970-2014)

Click here to take the quiz!

General Stats

  • This quiz has been taken 892 times
  • The average score is 54 of 139

Answer Stats

Year InductedTeam(s) Played ForPositionAnswer% Correct
1999Oilers, Kings, Blues, RangersCWayne Gretzky
92%
1972Red Wings, WhalersRWGordie Howe
89%
2011Whalers, Flyers, Red WingsDMark Howe
88%
1997PenguinsCMario Lemieux
87%
1983Blackhawks, Jets, WhalersLWBobby Hull
86%
2009Flames, Blues, Stars, Red Wings, CoyotesRWBrett Hull
86%
2012Nordiques, AvalancheCJoe Sakic
85%
2007Oilers, Rangers, CanucksCMark Messier
84%
2006Canadiens, AvalancheGPatrick Roy
84%
2009Red WingsCSteve Yzerman
84%
2014Blackhawks, Sabres, Senators, Red WingsGDominik Hasek
83%
1979Bruins, BlackhawksDBobby Orr
81%
2014North Stars, Stars, Red WingsCMike Modano
79%
2014Nordiques, Avalanche, Flyers, PredatorsCPeter Forsberg
76%
1984Bruins, Blackhawks, RangersCPhil Esposito
73%
1988Canadiens, BlackhawksGTony Esposito
73%
2012Nordiques, Maple Leafs, CanucksCMats Sundin
72%
1991IslandersRWMike Bossy
71%
1979CanadiensCHenri Richard
70%
1988Canadiens, Rangers, NordiquesRWGuy Lafleur
69%
2001Oilers, Kings, Rangers, Ducks, AvalancheRWJari Kurri
69%
2012Canucks, Panthers, RangersRWPavel Bure
69%
2013Canadiens, Blackhawks, Devils, ThrashersDChris Chelios
68%
2009Kings, Penguins, Rangers, Red WingsLWLuc Robitaille
68%
2004Bruins, AvalancheDRay Bourque
68%
1987FlyersCBobby Clarke
66%
1993Kings, IslandersGBilly Smith
64%
2003Oilers, Maple Leafs, Sabres, Kings, Blues, FlamesGGrant Fuhr
64%
1997Islanders, PenguinsCBryan Trottier
63%
1991Blackhawks, RangersCClint Smith
63%
1972Senators, Maroons, Bruins, AmericansC/D/RWHooley Smith
63%
1973BulldogsC/LWTommy Smith
63%
1992Red Wings, Kings, RangersCMarcel Dionne
62%
2014Kings, Avalanche, SharksDRob Blake
62%
2007Whalers, Penguins, Hurricanes, Maple LeafsCRon Francis
62%
2007Capitals, Blues, DevilsDScott Stevens
62%
2004Oilers, Penguins, Kings, Red Wings, Whalers, Flyers, Blackhawks, Hurricanes, BruinsDPaul Coffey
61%
2013Devils, Blues, Whalers, Red Wings, RangersLWBrendan Shanahan
59%
1991IslandersDDenis Potvin
59%
2013Devils, DucksDScott Niedermayer
59%
1995Canadiens, KingsDLarry Robinson
58%
1983BlackhawksCStan Mikita
57%
2011Blues, Flames, Maple Leafs, Devils, Blackhawks, Sabres, CanadiensCDoug Gilmour
54%
2011Blackhawks, Sharks, Stars, Maple Leafs, PanthersGEd Belfour
54%
1983CanadiensGKen Dryden
54%
2007Flames, BluesDAl MacInnis
53%
1972CanadiensCJean Beliveau
53%
2000Blackhawks, Canadiens, LightningCDenis Savard
52%
2008Oilers, Rangers, Blues, Maple LeafsRWGlenn Anderson
52%
1978Canadiens, Rangers, Blues, Maple Leafs, BruinsGJacques Plante
52%
1986Canadiens, JetsDSerge Savard
52%
2005Canucks, BruinsRWCam Neely
50%
2009Rangers, Maple Leafs, BruinsDBrian Leetch
49%
2012Red Wings, Blues, Bruins, Capitals, Flyers, Ducks, OilersCAdam Oates
47%
2001Jets, Sabres, Blues, FlyersCDale Hawerchuk
47%
1992Maple Leafs, Rockies, FlamesRWLarry McDonald
46%
2001Capitals, North Stars, Rangers, Maple Leafs, CoyotesRWMike Gartner
46%
2003Islanders, Sabres, RangersCPat LaFontaine
45%
1984Bruins, Flyers, Maple LeafsGBernie Parent
42%
1990SabresCGilbert Perreault
42%
2010North Stars, Capitals, Red Wings, Lightning, PanthersRWDino Ciccarelli
41%
1975Red Wings, Blackhawks, BluesGGlenn Hall
40%
1998Blues, Devils, NordiquesCPeter Stastny
40%
1981Bruins, Red WingsLWJohnny Bucyk
39%
1989CSKA Moscow (KHL)GVladislav Tretiak
39%
1996Maple Leafs, Red WingsDBorje Salming
38%
1971Red Wings, Bruins, Maple Leafs, Kings, RangersGTerry Sawchuk
38%
1989Maple Leafs, Flyers, Red WingsCDarryl Sittler
37%
1998Nordiques, BlackhawksLWMichel Goulet
37%
2008Canucks, Sharks, Red Wings, Panthers, DevilsCIgor Larionov
36%
2011Flames, Stars, Devils, Maple Leafs, PanthersCJoe Nieuwendyk
36%
1982RangersRWRod Gilbert
36%
1993Canadiens, Blues, BruinsDGuy Lapointe
35%
1973Canadiens, Rangers, Red Wings, BluesDDoug Harvey
33%
1993Canadiens, KingsLWSteve Shutt
33%
1982CanadiensRWYvan Cournoyer
33%
1992CanadiensLWBob Gainey
32%
2004Kings, Capitals, North Stars, Penguins, Maple Leafs, Red WingsDLarry Murphy
32%
2002Canadiens, CapitalsDRod Langway
32%
1990FlyersLWBill Barber
31%
1988Rangers, Bruins, Red WingsDBrad Park
31%
1977Maple Leafs, Rangers, Penguins, SabresDTim Horton
31%
2001Devils, Red WingsDViacheslav Fetisov
31%
1986Maple Leafs, WhalersCDave Keon
30%
1981Maple Leafs, Red Wings, CanadiensLWFrank Mahovlich
30%
1985Rangers, BruinsCJean Ratelle
30%
1984CanadiensCJacques Lemaire
28%
1972Canadiens, RangersRWBernie Geoffrion
27%
2002Islanders, SabresLWClark Gillies
27%
1985Maple Leafs, BruinsGGerry Cheevers
27%
1980Rangers, Canadiens, North StarsGGump Worsley
27%
1970Canadiens, BruinsDTom Johnson
26%
2002Blues, Red WingsCBernie Federko
25%
1976Rangers, Maple LeafsGJohnny Bower
25%
1977Red WingsC/LWAlex Delvecchio
23%
2000Blues, Flames, Penguins, BruinsRWJoe Mullen
23%
1978Rangers, Maple Leafs, Red Wings, PenguinsRWAndy Bathgate
21%
1987Rangers, Red WingsGEddie Giacomin
20%
1974Canadiens, Maple Leafs, BluesLWDickie Moore
19%
1975Blackhawks, Maple LeafsDPierre Pilote
19%
2005CSKA Moscow (KHL)LWValeri Kharlamov
19%
1982Red Wings, Maple LeafsCNorm Ullman
18%
1971Millionaires (PCHA), Metropolitans (PCHA), Wanderers (NHA), Ottawa Hockey Club (NHA)LWGordon Roberts
16%
1971Maple Leafs, Americans, BruinsLW/DBusher Jackson
14%
2010Friars (ECAC), Stingers (CIS)CCammi Granato
14%
1979Rangers, Seals, Golden Seals, KingsDHarry Howell
14%
1975Maple LeafsRWGeorge Armstrong
13%
1987CanadiensDJacques Laperrière
12%
1994Pirates, Americans, Maroons, BlackhawksDLionel Conacher
12%
2006Maple Leafs, Rangers, Canadiens, Kings, SabresLWDick Duff
11%
2010Aeros (COWHL), Red Wings (COWHL), Panthers (COWHL), Aeros (NWHL)CAngela James
10%
1980RangersC/LWLynn Patrick
10%
1996BruinsRWBobby Bauer
9%
1978Red Wings, Maple LeafsDMarcel Pronovost
9%
1975Maple LeafsLWAce Bailey
8%
1995Rangers, BruinsLWBun Cook
8%
1980Bruins, Blackhawks, Red Wings, Rangers, Maple LeafsGHarry Lumley
7%
1981Rangers, Blackhawks, Bruins, Maple Leafs, FlyersDAllan Stanley
6%
2013Aeros (NWHL)DGeraldine Heaney
6%
1994Americans, Red Wings, Maple Leafs, BlackhawksLWHarry P. Watson
6%
1992BruinsLWWoody Dumart
6%
1970St. Pats, Tigers, Blackhawks, Americans, Maple LeafsRWBabe Dye
4%
1985Blackhawks, Canadiens, Maple LeafsLWBert Olmstead
4%
1976Red Wings, BruinsDBill Quackenbush
4%
1991Maple Leafs, KingsC/LWBob Pulford
4%
1973Americans, RangersGChuck Rayner
4%
1986Maple Leafs, Bruins, Red Wings, Penguins, North StarsDLeo Boivin
4%
1998Bruins, Red Wings, BlackhawksLWRoy Conacher
4%
1970Blackhawks, Rangers, Red WingsDBill Gadsby
3%
1974Tigers, Americans, Bruins, BlackhawksC/DBilly Burch
3%
1988Canadiens, RangersCBuddy O'Connor
3%
1971Bruins, Senators, Red WingsCCooney Weiland
3%
1975Maple Leafs, CanadiensRWGordie Drillon
3%
1972Arenas, CougarsGHap Holmes
3%
1989Cougars, Falcons, Red WingsLWHerbie Lewis
3%
1974Blackhawks, RangersDArt Coulter
2%
1993RangersCEdgar Laprade
2%
1990Bruins, Maple LeafsDFernie Flaman
2%
1974Crescents (WCHL), Eskimos (WCHL), Cougars (PCHA), Aristocrats (PCHA), Rosebuds (PCHA), Senators (PCHA)CTommy Dunderdale
2%

Score Distribution

Percentile by Number Answered

Percent of People with Each Score

Your Score History

You have not taken this quiz